000 00541nam a2200169 a 4500
001 000032852
005 20200930065855.0
008 110727s1937 dr 000 0 spa d
040 _aDO-SdBNP
_bspa
_cBNPHU
082 _axxx
_bH557m
100 1 _aHernández, José Enrique
_958643
245 1 0 _aMi palabra de siempre /
_cJosé Enrique Hernández.
260 _aSantiago, República Dominicana :
_b[s.n.],
_c1937.
300 _a23 p. ;
_c19 cm.
500 _aDisertación pronunciada en la radioemisora H-I-1-L de "El Diario"
049 _aBNPD
999 _c32343
_d32343